000 02590nam a2200505 c 4500
999 _c152309
_d152309
003 BLK
005 20241104174128.0
008 180410b bul|||||r ||||||| ||bul||
010 _aKNG00158781000
040 _aBLK
041 _aBUL
_cBUL
072 7 _2bullib
_aН37
_xОбразование. Педагогика Н
072 7 _2bullib
_aК
_xКраезнание
072 7 _2bullib
_aРА
_xРусенски автори
080 _aСпециални образователни средни училища - Училища с засилено изучаване на класически езици, на математика и естествени науки и др.
_b373.52
_x:5(497.215)(091)(063)
_z373.52:5(497.215)(091)(063)
100 _aЖейнов, Иво Георгиев
_d1958 - 2024
_gИсторик.
_9368158
139 _aМатематическа гимназия Баба Тонка. Русе
_bМ 39
245 1 0 _aМястото на гимназия "Баба Тонка" в развитието на Русе
_bЮбил. конф., 1 ноем. 2013
_cИво Георгиев Жейнов; състав. и ред. Румен Горанов.
257 _aBGR
260 _bМГ Баба Тонка
_c2014
_fРусе : унив. изд. център при РУ А. Кънчев
300 _a96 с.
_bсъс сн.
_c21 см
380 _a3
500 _aКор. загл. 150 години Математическа гимназия Баба Тонка - приемник на Девическата гимназия в гр. Русе: Юбил. сборник. - За авторите на сборника. - Библиогр. след отд. докл.
650 4 _aСредни училища - България - Русе
_9279831
651 4 _aРусе
_9179462
651 4 _aБългария
_9241624
653 _aМатематическа гимназия
653 _aсредни училища
653 _aистория
653 _aюбилеи
653 _aконференции
659 _aК
659 _aН
700 1 _aГоранов, Румен
_eсъстав. и ред.
_9366769
710 1 _aМатематическа гимназия Баба Тонка - Русе
_92433
852 _aЦб 268266
852 _aК 373.5/М 39
856 4 _qpdf
856 4 _qpdf
942 _cKNG
_n0
_05
_s1
944 _aCR
_c28.03.2014
_lРусанова Ирена
_k30542
944 _aED
_c22.07.2016
_lф /
_kЛюдмила_Стоянова
999 _d152309
999 _d152309